| 000 | 00000nam##2200000za#4500 |
| 001 | 9.615570 |
| 003 | CaOODSP |
| 005 | 20210615101156 |
| 007 | ta |
| 008 | 150406|2000||||xxc||||| f|0| 0 eng|d |
| 022 | |a0706-6457 |
| 040 | |aCaOODSP|beng |
| 043 | |an-cn--- |
| 086 | 1 |aFs97-6/2337E |
| 110 | 1 |aCanada. |bDepartment of Fisheries and Oceans. |
| 245 | 12|aA survey of 20 Atlantic salmon farms in the Bay of Fundy : |binfluence of environmental and husbandry variables on performance / |cby R. H. Peterson et al. |
| 260 | |aOttawa - Ontario : |bFisheries and Oceans Canada |c2000. |
| 300 | |av, 117p. : |bfigs., graphs, references, tables ; |c28 cm. |
| 490 | 1 |aCanadian technical report of fisheries and aquatic sciences|x0706-6457|v2337 |
| 500 | |aPrepared at the Department of Fisheries and Oceans, Biological Station, 531 Brandy Cove Road, St. Andrews, NB E5B 2L9. |
| 546 | |aRésumé en français |
| 563 | |aSoftcover |
| 590 | |a01-13|b2001-03-30 |
| 690 | 07|aFish farming|2gcpds |
| 690 | 07|aSalt water fish|2gcpds |
| 720 | 1 |aPeterson, R. H. |
| 776 | 0#|tA survey of 20 Atlantic salmon farms in the Bay of Fundy : |w(CaOODSP)9.574038 |
| 830 | #0|aCanadian technical report of fisheries and aquatic sciences,|x0706-6457|v2337|w(CaOODSP)9.514691 |